[Event "Turkey IS Bank Super League 2017"]
[Site "Darica-Kocaeli"]
[Date "2017.07.30"]
[Round "5"]
[White "Esen, Baris"]
[Black "Atakisi, Umut"]
[Result "1-0"]
[WhiteElo "2528"]
[BlackElo "2373"]
[Annotator "TA"]
[PlyCount "211"]
[EventType "team-tourn"]
[EventCountry "TUR"]
[SourceTitle "playchess.com"]
[Source "ChessBase"]
[SourceQuality "1"]

{[%evp 14,211,15,14,14,5,28,42,43,11,0,18,16,-3,-4,-10,-3,0,41,41,37,35,35,33,47,36,28,20,22,18,14,10,15,4,22,21,23,6,18,0,0,-12,-13,-16,0,0,0,0,0,0,0,-26,-29,-53,-8,-36,-18,-34,-8,-8,-1,-1,0,0,0,-4,0,-5,0,0,0,0,0,0,0,0,0,0,0,0,0,0,0,0,0,0,0,0,0,0,0,0,0,0,0,0,8,8,8,8,8,0,500,500,500,500,500,500,500,500,500,500,500,500,500,500,500,500,500,500,500,500,500,500,500,500,500,500,500,500,500,500,202,0,0,0,0,0,0,0,4,44,12808,12812,12821,12814,12816,12811,12817,12808,12837,12843,12836,12832,12833,12831,12832,12834,12838,12831,12831,12814,12825,12827,12819,12822,12818,12820,12818,5477,5402,5085,29967,29974,29978,29979,29979,29980,29979,29981,29981,29973,29980,29981,29982,29982,29981,29983,29983,29984,29990,29988,29994,29992,29992,29993,29995,29996,29996,29997]} 1. d4 d5 2. c4 c6 3. Nf3 Nf6 4. Nbd2 g6 5. e3 Bg7 6. b4 {D70: Grünfeld: Unusual White 3rd moves (met by ...d5)} (6. Bd3 O-O 7. O-O Nbd7 8. b3 b6 9. a4 a5 10. e4 dxe4 11. Nxe4 Bb7 12. Bb2 c5 13. Re1 Rc8 14. Qe2 cxd4 15. Bxd4 Nc5 16. Bxc5 bxc5 {1-0 (59) Nakamura,H (2785)-Caruana,F (2808) Stavanger 2017}) 6... O-O 7. Be2 Ne4 8. Bb2 {LiveBook: 3 Games. The position is equal.} Bg4 9. O-O Nd7 10. Nxe4 dxe4 11. Nd2 $146 (11. Ng5 $5 {[%cal Re2g4]} Bf5 12. g4 $11) ({Predecessor:} 11. Ng5 Bf5 12. f3 exf3 13. Nxf3 e5 14. Qe1 Qe7 15. Rd1 exd4 16. Bxd4 {½-½ (41) Fernandez,D (2450)-Merry,A (2388) Crawley 2016}) 11... Bxe2 12. Qxe2 f5 13. f3 exf3 14. Nxf3 e5 15. e4 {[%cal Rd4e5]} f4 (15... exd4 $5 {[%cal Rd4d3]} 16. exf5 Rxf5 $14) 16. c5 exd4 17. Qc4+ Kh8 18. Rad1 Qe7 19. Bxd4 Rae8 20. Rfe1 Ne5 21. Bxe5 Bxe5 22. Rd3 Rd8 23. Red1 Rxd3 24. Rxd3 g5 25. h3 h5 26. h4 g4 27. Ng5 Bf6 28. Ne6 Qf7 {Threatens to win with ...Re8.} 29. Qb3 $1 Re8 30. Nxf4 Qxb3 31. Rxb3 Rxe4 32. Nxh5 Bxh4 $11 {[%mdl 4096] Endgame KRB-KRN} 33. a3 Re5 34. Nf4 Kg7 35. Rd3 Kf7 (35... Re1+ {looks sharper.} 36. Kh2 Kf6 37. g3 Bg5 38. Rd7 Re7) 36. g3 Bg5 37. Kf2 Re4 38. Rd7+ Re7 39. Rd4 Kf6 40. Ng2 Kf5 41. Nh4+ Bxh4 42. gxh4 {KR-KR} b6 43. cxb6 axb6 44. Rc4 Ra7 45. Rc3 Kf4 46. Rxc6 Rxa3 47. Rf6+ Ke5 48. Rxb6 Rh3 49. h5 Kf4 50. h6 Rf3+ 51. Kg2 {And now Rf6+ would win.} (51. Ke1 $5 {[%cal Rb6f6]} Re3+ 52. Kf2 Rf3+ 53. Kg2 Rg3+ 54. Kf2 Rf3+ $14) 51... Rg3+ $1 52. Kf1 {Hoping for Rf6+.} Rf3+ $1 53. Ke2 (53. Kg1 $5 {[%cal Rb6f6]} Rg3+ 54. Kf2 Rf3+ 55. Ke1 Re3+ 56. Kf2 Rf3+ $14) 53... Re3+ 54. Kd2 {aiming for Rf6+.} Rh3 55. b5 {Black must now prevent Rg6.} g3 $1 56. Rg6 Kf5 57. b6 (57. Rg8 $5 {[%cal Rb5b6]} Rxh6 58. Rxg3 $11) 57... Kxg6 $4 {[%mdl 8192] KR-KPP} (57... Rxh6 $1 $11 58. b7 (58. Rxh6 g2 $11) (58. Rxg3 Rd6+ 59. Ke3 Rxb6 $11) 58... Rh8) 58. b7 $18 Rh2+ 59. Kc3 Rh5 {( -> ...Rb5)} 60. b8=Q {KQ-KR} Rg5 61. Qb6+ Kh7 {If only Black now had time for ...g2....} 62. Qb7+ Kxh6 {and the idea ...g2 leaves Black hopeful.} 63. Qg2 Kg7 64. Kd4 Kf6 65. Ke4 Rg4+ 66. Kf3 Rg5 67. Kf4 Rf5+ 68. Kg4 Rg5+ 69. Kh4 Rg8 70. Qf3+ Ke7 71. Qd5 Rg7 72. Qg2 Kf6 {[#]} 73. Kh5 $2 (73. Qf3+ $1 $18 Ke7 74. Qg2) 73... Rg5+ $11 74. Kh6 ({Weaker is} 74. Kh4 Rg8 $18) 74... Rg6+ $1 75. Kh7 {Intending Qf3+ and mate.} ({Less strong is} 75. Kh5 Rg8 $18) 75... Rg7+ $1 76. Kh8 Rg5 77. Qf3+ Ke6 $2 {[%mdl 8192] [#]} (77... Kg6 $14) 78. Qf4 $1 $18 {[%cal Rf4g5]} Rf5 79. Qg4 Kf6 80. Qg7+ Ke6 81. Qxg3 Rf8+ 82. Kg7 Rf7+ 83. Kg6 Rf6+ 84. Kg5 {Qe3+ would kill now.} Rf5+ 85. Kg4 Rd5 86. Qb3 Ke5 87. Qc3+ Rd4+ 88. Kf3 Kd5 89. Ke3 Re4+ 90. Kd3 {White wants to mate with Qa5+.} Rf4 91. Qa5+ Ke6 92. Qh5 Rf5 93. Qe8+ {White mates.} Kd6 94. Ke4 Rc5 95. Qd8+ Kc6 96. Kd4 Rb5 97. Qf6+ Kc7 98. Kc4 Ra5 99. Qe7+ Kc6 100. Qe6+ Kb7 101. Kb4 Ra8 102. Kb5 Rc8 103. Qd5+ Kc7 104. Kc5 Rb8 105. Qf7+ Kd8 106. Kc6 {Precision: White = 64%, Black = 64%.} 1-0

[Event "Turkey IS Bank Super League 2017"]
[Site "Darica-Kocaeli"]
[Date "2017.07.30"]
[Round "5"]
[White "Sadikhov, Ulvi"]
[Black "Vorontsov, Pavlo"]
[Result "0-1"]
[WhiteElo "2494"]
[BlackElo "2510"]
[Annotator "TA"]
[PlyCount "82"]
[EventType "team-tourn"]
[EventCountry "TUR"]
[SourceTitle "playchess.com"]
[Source "ChessBase"]
[SourceQuality "1"]

{[%evp 9,82,61,83,24,24,27,37,26,30,33,33,0,8,10,28,-85,-75,-74,-84,-78,-91,-105,-113,-171,-172,-159,-147,-179,-136,-150,-152,-160,-160,-151,-137,-139,-132,-151,-139,-143,-139,-172,-156,-229,-206,-303,-323,-282,-282,-282,-282,-282,-282,-320,-306,-1055,-1055,-1054,-589,-1203,-682,-232,-672,-660,-647,-2168,-2140,-2172,-2133,-1978,-1615,-2741,-1537,-6307,-6295]} 1. e4 e6 2. d4 d5 3. Nd2 h6 (3... c5 4. Ngf3 cxd4 5. Nxd4 Nf6 6. exd5 Qxd5 7. Nb5 Qd8 8. Bd3 a6 9. Nc3 Nc6 10. O-O Ne5 11. Be2 b5 12. Nf3 Qxd1 13. Rxd1 Nc6 14. Bf4 Bb7 {0-1 (53) Vachier Lagrave,M (2796)-Caruana,F (2808) Paris 2017}) 4. Ngf3 c5 5. exd5 exd5 6. dxc5 {C03: French Tarrasch: Unusual Black 3rd moves} (6. Bb5+ $16 Bd7 7. Bxd7+ Nxd7 8. O-O) 6... Bxc5 $11 7. Nb3 Bb6 8. Bb5+ {White is slightly better.} Nc6 9. O-O Nge7 10. Bf4 $146 ({Find the theoretical novelty and annotate with similar games:} 10. Re1 O-O 11. Be3 Bc7 12. h3 Re8 13. Qd2 Bf5 14. Nbd4 Be4 15. Bd3 Nxd4 16. Nxd4 Qd6 17. g3 Qg6 {½-½ (17) Ostovic,M (2304)-Matko,O (2262) Zagreb 2012}) 10... Bg4 11. h3 Bh5 12. Nbd4 {[#]} (12. c3 $11) 12... Bxd4 $1 $17 13. Qxd4 {Black must now prevent Bxc6+.} Bxf3 $1 14. gxf3 O-O 15. Bxc6 Nxc6 16. Qd3 {[#]} (16. Qd2 $17 {was worth a try.}) 16... Qh4 $1 $19 {[%cal Rh4f4]} 17. Bg3 Qxh3 18. Rfe1 Qd7 19. Rad1 Rfe8 20. Kg2 Rxe1 21. Rxe1 d4 22. a3 Re8 23. Rd1 Qe6 24. b4 a6 25. Rd2 h5 {[%cal Bh6h5,Bh5h4][%mdl 32]} 26. f4 (26. Rd1 $17) 26... Qf6 27. Qf3 (27. Re2 $142 Rc8 28. f5) 27... h4 28. Bh2 Qf5 29. Re2 Rxe2 30. Qxe2 Qd7 31. Qh5 Ne7 32. Qxh4 $2 (32. Qf3) 32... Nf5 33. Qg5 Qc6+ 34. Kh3 Qxc2 35. Qd8+ Kh7 36. Qd5 {Black is clearly winning.} Qc8 37. Qe4 g6 {Threatens to win with ...Nd6+.} 38. Kg2 Qc3 39. Bg3 b5 40. Qe8 Qc4 41. Qd7 Kg7 {Precision: White = 27%, Black = 85%.} 0-1

[Event "Turkey IS Bank Super League 2017"]
[Site "Darica-Kocaeli"]
[Date "2017.07.30"]
[Round "5"]
[White "Firat, Burak"]
[Black "Guseinov, Gadir"]
[Result "1/2-1/2"]
[WhiteElo "2480"]
[BlackElo "2645"]
[Annotator "TA"]
[PlyCount "63"]
[EventType "team-tourn"]
[EventCountry "TUR"]
[SourceTitle "playchess.com"]
[Source "ChessBase"]
[SourceQuality "1"]

{[%evp 17,63,32,35,31,32,31,31,17,43,36,35,25,14,10,33,25,33,28,53,58,64,56,59,47,42,31,51,36,46,9,52,30,40,37,36,45,74,67,66,67,81,85,84,0,96,0,81,0]} 1. d4 Nf6 2. Nf3 g6 3. g3 Bg7 4. Bg2 O-O 5. O-O d6 6. b3 c5 7. c4 Nc6 8. Bb2 cxd4 9. Nxd4 Bd7 10. Qd2 {E60: King's Indian: Unusual lines and Fianchetto Variation without Nc3} (10. e3 Qc8 11. Re1 Bh3 12. Bh1 Qd7 13. Nc3 Rac8 14. Qd2 h5 15. Rac1 h4 16. Nf3 hxg3 17. hxg3 e5 18. Ng5 {1-0 (44) Inarkiev,E (2732)-Hou,Y (2658) Petropavlovsk Kamchatsky 2016}) 10... Rc8 11. Nc3 Qa5 12. Nc2 {White is slightly better.} Qh5 13. e4 Bh3 14. f3 Bxg2 15. Kxg2 Qa5 $146 (15... e6 {feels hotter.} 16. Rad1 Rfd8 17. Ne3 a6 18. Qe2 Qa5) ({Find the theoretical novelty and annotate with similar games:} 15... a6 16. Rab1 Qa5 17. Rfd1 b5 18. cxb5 axb5 {0-1 (54) Ossig,R (2104)-Gupta,M (2236) Germany 2013}) 16. Ne3 Rfd8 17. Rfd1 e6 18. Nb5 {Strongly threatening Qxa5.} Qb6 19. Qe2 Ne8 $1 {[#] Threatens to win with ...Bxb2.} 20. Bxg7 Kxg7 21. Rac1 a6 22. Nc3 Nf6 23. Rd3 Rd7 24. Rcd1 Rcd8 25. Qf2 $36 {[%mdl 2048] White has good play.} Qc5 26. Na4 Qe5 27. Nb6 Re7 28. a3 a5 29. Na4 Red7 30. Nb6 Re7 $1 31. Na4 Red7 $1 32. Nb6 {Precision: White = 69%, Black = 51%.} (32. Qd2 $16) 1/2-1/2

[Event "Turkey IS Bank Super League 2017"]
[Site "Darica-Kocaeli"]
[Date "2017.07.30"]
[Round "5"]
[White "Batsiashvili, Nino"]
[Black "Karavade, Eesha"]
[Result "1/2-1/2"]
[WhiteElo "2475"]
[BlackElo "2397"]
[Annotator "TA"]
[PlyCount "118"]
[EventType "team-tourn"]
[EventCountry "TUR"]
[SourceTitle "playchess.com"]
[Source "ChessBase"]
[SourceQuality "1"]

{[%evp 19,118,0,12,9,9,0,0,0,6,0,0,-25,-29,-118,0,-59,-66,-72,-56,-68,-18,-26,-21,-62,-62,-62,-62,-61,-60,-48,-56,-60,-59,-87,-94,-104,-103,-178,-56,-45,-72,-132,-43,-43,-43,-43,-43,-43,-43,-45,-45,-85,-71,-79,-35,-46,-10,-10,-10,-11,-8,-29,-8,-29,-36,-36,-36,-63,-66,-81,-8,-8,-8,-8,-8,-8,0,0,0,0,0,0,0,0,0,0,0,0,0,-8,0,0,0,0,0,0,0,-8,-8,-8,-8]} 1. d4 d5 2. c4 c6 3. Nf3 Nf6 4. Nc3 e6 5. g3 dxc4 6. Bg2 b5 7. Ne5 Qb6 {E04: Open Catalan: 5 Nf3} (7... a6 8. O-O Bb7 9. b3 b4 10. Ne4 Nxe4 11. Bxe4 c3 12. a3 a5 13. axb4 axb4 14. Bf4 Nd7 15. Bxc6 Bxc6 16. Nxc6 {1-0 (38) Ding,L (2778)-So,W (2775) Shanghai 2016}) 8. O-O Bb7 9. b3 cxb3 10. axb3 Nbd7 {LiveBook: 3 Games} 11. Be3 Rd8 12. d5 c5 $1 13. Nc6 Bxc6 $1 14. dxc6 Ne5 $146 ({Predecessor:} 14... Nb8 15. Nxb5 Rxd1 16. Rfxd1 Bd6 17. Nxd6+ Ke7 18. Nc4 Qb4 19. Rxa7+ Nbd7 20. cxd7 Rd8 21. Rb7 {1-0 (21) Marin,M (2589)-Rodgaard,J (2350) Reykjavik 2015}) 15. Qb1 (15. c7 $5 Qxc7 16. Qc2 $15) 15... Nxc6 16. b4 (16. Qa2 $11) 16... Nd4 (16... Nxb4 $17 {Hoping for ...a5.} 17. Qxb4 cxb4 18. Bxb6 axb6 19. Bc6+ Ke7) 17. Rd1 (17. Rc1 $1 $11) 17... Be7 $15 {White must now prevent ...0-0.} ({Worse is} 17... cxb4 18. Rxd4 Rxd4 19. Bxd4 $18) 18. bxc5 Bxc5 {And now ...0-0 would win.} 19. Bg5 O-O {[#] Strongly threatening ...b4.} (19... b4 $5 {[%cal Rb4c3]} 20. Bxf6 gxf6 $17) 20. e3 b4 21. Bxf6 gxf6 22. exd4 Bxd4 23. Na4 Bxf2+ 24. Kf1 Rxd1+ 25. Qxd1 Qd4 26. Rb1 a5 27. Qe2 {Rd1 is the strong threat.} Be3 28. Re1 {[#]} (28. Rd1 $17 Qe5 29. Bf3) 28... Bd2 (28... b3 $1 $19 29. Qxe3 Qxa4) 29. Rd1 Rd8 30. Qe4 ({White should try} 30. Bf3) 30... Qxe4 (30... Qd7 $17 31. Nb2 Qc8) 31. Bxe4 f5 32. Bc2 Bg5 33. Rxd8+ Bxd8 34. Ke2 Kg7 35. Nc5 Bc7 36. Ba4 f4 37. g4 f3+ 38. Kxf3 Bxh2 39. Bc2 h6 (39... Bd6 $5 {[%cal Rd6c5]} 40. Nd7 f5 $11) 40. Nd7 Bd6 (40... f5 $5) 41. Nb6 Kf6 42. Nc4 Bc7 43. Ba4 Kg5 44. Bd7 h5 (44... f5 $17 45. Bxe6 fxg4+ 46. Bxg4 a4) 45. gxh5 $11 {The position is equal.} Kxh5 46. Be8 Kg6 47. Ke3 Kf6 48. Kd4 Ke7 49. Ba4 f5 50. Kc5 Kf6 51. Kc6 Bd8 52. Kd7 Be7 53. Nxa5 e5 54. Kc6 e4 55. Kd5 Kg5 (55... e3 $5 {[%cal Re3e2]} 56. Bb5 f4 $11) 56. Nc6 Bf8 57. Nd4 Bg7 58. Nxf5 Kxf5 59. Bc2 Kf4 {Precision: White = 57%, Black = 48%.} 1/2-1/2

[Event "Turkey IS Bank Super League 2017"]
[Site "Darica-Kocaeli"]
[Date "2017.07.30"]
[Round "5"]
[White "Yilmazyerli, Mert"]
[Black "Buyukasik, Diyap"]
[Result "1-0"]
[WhiteElo "2459"]
[BlackElo "2285"]
[Annotator "TA"]
[PlyCount "71"]
[EventType "team-tourn"]
[EventCountry "TUR"]
[SourceTitle "playchess.com"]
[Source "ChessBase"]
[SourceQuality "1"]

{[%evp 13,71,45,13,12,35,11,13,6,19,22,45,50,72,71,57,55,46,38,69,63,85,77,233,249,278,258,272,262,262,268,270,270,263,264,300,265,396,345,314,301,299,291,412,224,416,412,419,418,454,449,458,437,1404,837,790,644,1356,1088,1512,1475]} 1. e4 c5 2. Nf3 g6 3. c3 d5 4. exd5 Qxd5 5. d4 Bg7 6. Be2 Nf6 7. O-O O-O 8. c4 {B06: Modern Defence} Qd6 (8... Qd8 9. d5 Ne4 10. Re1 Bg4 11. Nbd2 Nd6 12. h3 Bf5 13. Nf1 e5 14. Ng3 e4 15. Nh2 Nd7 {0-1 (38) Xu,J (2506)-Li,C (2681) Jakarta 2012}) 9. Nc3 cxd4 10. Nxd4 {The position is equal.} a6 11. Be3 Rd8 12. Qb3 $146 ({Predecessor:} 12. Rc1 e5 13. Nb3 Qf8 14. Qe1 Bf5 15. Bc5 Qe8 {0-1 (52) Radzhabov,R (2007)-Gerasimov,I (2315) Vladimir 2008}) 12... Nbd7 13. Rfd1 $36 {[%mdl 2048] White is on the roll.} Qc7 14. Nd5 Nxd5 15. cxd5 {aiming for Rac1.} Re8 16. Rac1 Qe5 17. h3 Qf6 $2 {[#]} (17... Nf8 $16) 18. Bg4 $1 $18 Ne5 19. Bxc8 Raxc8 20. Rxc8 ({Weaker is} 20. Qxb7 Rb8 $14) 20... Rxc8 21. Qxb7 Rd8 22. Rc1 h5 23. Nc6 Re8 24. Qxa6 g5 (24... Qf5 {was called for.} 25. Qa4 Nd7) 25. Qe2 g4 26. Nxe5 Qxe5 27. hxg4 h4 (27... Qxb2 $142 28. Qxb2 Bxb2) 28. Rd1 (28. b4 $142) 28... Ra8 $2 (28... Qxb2 {keeps fighting.} 29. Qxb2 Bxb2) 29. b3 Rd8 30. Qf3 Qb2 31. Bg5 {White is clearly winning.} Rd7 32. Rc1 f6 (32... Rd8 $142 33. Rd1 Rd7) 33. Qf5 {[#] Threatening mate with Rc8+.} Rd8 34. Be3 Qxa2 35. Qe6+ Kh7 36. Qxe7 {Precision: White = 74%, Black = 26%.} 1-0

[Event "Turkey IS Bank Super League 2017"]
[Site "Darica-Kocaeli"]
[Date "2017.07.30"]
[Round "5"]
[White "Asadli, Vugar"]
[Black "Dolgun, Can"]
[Result "1-0"]
[WhiteElo "2457"]
[BlackElo "2104"]
[Annotator "TA"]
[PlyCount "69"]
[EventType "team-tourn"]
[EventCountry "TUR"]
[SourceTitle "playchess.com"]
[Source "ChessBase"]
[SourceQuality "1"]

{[%evp 16,69,37,40,47,48,70,69,117,137,141,119,122,123,151,124,143,137,145,130,144,160,157,144,168,162,187,183,175,154,172,192,175,175,235,232,219,240,392,361,457,466,418,405,413,386,482,456,986,975,947,920,898,879,2305,2196]} 1. Nf3 Nf6 2. g3 g6 3. b3 Bg7 4. Bb2 O-O 5. Bg2 d6 6. d4 Nbd7 7. O-O c6 8. a4 {[%cal Ba2a4,Ba4a5][%mdl 32]} Qc7 9. Nbd2 d5 {A49: 1 d4 Nf6 2 Nf3 g6 3 g3: Anti-King's Indian systems} (9... Rd8 10. e4 e5 11. dxe5 Nxe5 12. Nxe5 dxe5 13. Qe2 h6 14. Nc4 Ne8 15. Rad1 Be6 16. Ne3 a6 17. Rxd8 Rxd8 {0-1 (90) Gashimov,S (2351)-Venkatesh,M (2439) Doha 2016}) 10. a5 $146 ({Find the theoretical novelty and annotate with similar games:} 10. Re1 Re8 11. e4 Nxe4 12. Nxe4 dxe4 13. Rxe4 Nf6 14. Re1 Bg4 15. h3 Bxf3 16. Qxf3 Rad8 17. Rad1 Rd7 18. Qe2 e6 19. c4 {½-½ (19) Mroczek,M (2105)-Schulz,K (1919) Goch 1998}) 10... h6 11. c4 dxc4 {White is slightly better.} 12. Nxc4 Ne4 13. e3 {[%cal Be2e3,Be3e4][%mdl 32]} Ndf6 14. Nfe5 Be6 15. Qc2 Bd5 16. f3 Nd6 17. e4 Bxc4 18. bxc4 Nd7 19. f4 c5 20. d5 b5 {[#] Threatens to win with ...Nxe5.} 21. Nc6 Nxc4 22. Nxe7+ Kh7 23. Bxg7 Kxg7 24. Nc6 Kh7 (24... Nb8 {was called for.}) 25. e5 $18 {Strongly threatening d6.} Ne3 26. Qe4 Nxg2 $2 {[#]} (26... Nxf1 {was necessary.} 27. Rxf1 Rae8) 27. f5 (27. Qxg2 Nb8 $16) (27. Kxg2 Rae8 $16) 27... Rae8 28. fxg6+ ({Not} 28. Kxg2 Nxe5 29. fxg6+ Nxg6 $15) 28... fxg6 29. Rxf8 Rxf8 30. Kxg2 Re8 31. Re1 {White is clearly winning.} a6 (31... Nxe5 $142 32. Qf4 (32. Nxe5 Qd6 $18) 32... Qd6 33. Rxe5 Rxe5 34. Qxe5 Qxe5 35. Nxe5 Kg7) 32. d6 {[%cal Bd5d6,Bd6d7][%mdl 32]} Qb7 33. e6 Nf6 34. Qf3 Rc8 35. d7 {Precision: White = 87%, Black = 30%.} 1-0

[Event "Turkey IS Bank Super League 2017"]
[Site "Darica-Kocaeli"]
[Date "2017.07.30"]
[Round "5"]
[White "Atalik, Ekaterina"]
[Black "Daulyte, Deimante"]
[Result "1/2-1/2"]
[WhiteElo "2445"]
[BlackElo "2419"]
[Annotator "TA"]
[PlyCount "101"]
[EventType "team-tourn"]
[EventCountry "TUR"]
[SourceTitle "playchess.com"]
[Source "ChessBase"]
[SourceQuality "1"]

{[%evp 12,101,13,18,12,18,18,6,18,0,27,0,19,13,29,18,105,97,98,81,96,75,81,78,112,59,90,74,112,56,75,29,38,0,37,37,51,44,48,52,62,49,60,52,64,68,85,80,85,88,110,109,134,108,108,97,131,104,160,181,176,143,170,106,216,222,220,190,154,28,33,25,55,57,70,17,17,0,0,0,128,0,0,0,0,0,0,0,0,0,0,0]} 1. d4 d5 2. c4 e6 3. Nc3 Bb4 4. Nf3 Nf6 5. Qa4+ Nc6 6. e3 O-O 7. Bd2 dxc4 {D38: Queen's Gambit Declined: Ragozin Defence (4 Nf3 Bb4)} 8. Bxc4 Bd6 9. O-O (9. a3 e5 10. d5 Ne7 11. e4 Bd7 12. Qd1 h6 13. O-O c6 14. dxc6 Bxc6 15. Qe2 {½-½ (33) Zherebukh,Y (2642)-Le,Q (2726) Philadelphia 2017}) 9... a6 10. Qc2 e5 11. d5 Ne7 (11... b5 $5 {[%cal Rc6b4]} 12. dxc6 bxc4 $11) 12. e4 Nh5 $146 ({Predecessor:} 12... Bg4 13. Be2 {0-1 (41) Socko,M (2463)-Kosintseva,T (2524) Ankara 2012}) 13. Be2 g6 (13... Ng6 $11) 14. Bh6 $36 {[%mdl 2048] White is on the roll.} Ng7 15. Rfe1 Kh8 16. Na4 Ng8 17. Bd2 Ne7 {[%cal Bg8e7,Be7g6,Bg6f4][%mdl 32]} 18. Rac1 (18. Rad1 $16) 18... f6 19. a3 g5 20. Red1 ({White should try} 20. Be3 $16) 20... Ng6 21. Bb4 Nf4 22. Ne1 {[%cal Bf3e1,Be1c2,Bc2a3,Ba3c4][%mdl 32]} (22. Nc3 {feels hotter.} Bxb4 23. axb4 Ne8 24. b5 axb5 25. Nxb5 Bd7 26. Bf1) 22... Nxe2+ (22... f5 {looks sharper.} 23. Bf1 fxe4 24. Qxe4 a5 25. Bxd6 cxd6 26. Nc3 Bf5) 23. Qxe2 Bxb4 24. axb4 Ne8 25. Nc2 Nd6 26. Na3 b6 27. b3 Bd7 28. Nb2 a5 29. bxa5 Rxa5 30. Nbc4 Nxc4 31. Nxc4 Bb5 32. Qg4 Bxc4 33. Rxc4 Rc5 34. Rdc1 Qd6 (34... Rxc4 $142 35. Rxc4 Kg7) 35. b4 Rxc4 36. Rxc4 $18 {[%mdl 4096] Endgame KQR-KQR} Rf7 37. g3 (37. Qh5 $18 Qf8 38. h4) 37... h6 (37... Qd7 $16 38. Qxd7 Rxd7) 38. h4 {[%cal Bh2h4,Bh4h5][%mdl 32]} Kg7 39. h5 f5 {[#]} 40. exf5 (40. Qf3 $1 $16) 40... Qxd5 $11 41. Qe2 c5 42. bxc5 bxc5 43. Qc2 (43. Ra4 $14) 43... Ra7 $1 {[%cal Ra7a1]} 44. Ra4 (44. f6+ $5 Kf8 45. Qc1 $11) 44... Rxa4 45. Qxa4 {KQ-KQ} c4 {[#]} (45... e4 $11) 46. Qe8 (46. Qa6 $1 $16 {[%cal Ra6g6] Threatens to win with Qg6+.} Qd1+ 47. Kg2 Qxh5 48. Qxc4) 46... Qd6 {The position is equal.} 47. Qc8 Qd1+ 48. Kg2 Qd5+ 49. Kg1 Qd1+ 50. Kg2 Qd5+ 51. Kg1 {Precision: White = 38%, Black = 53%.} 1/2-1/2

[Event "Turkey IS Bank Super League 2017"]
[Site "Darica-Kocaeli"]
[Date "2017.07.30"]
[Round "5"]
[White "Kanmazalp, Ogulcan"]
[Black "Kravtsiv, Martyn"]
[Result "1/2-1/2"]
[WhiteElo "2445"]
[BlackElo "2657"]
[Annotator "TA"]
[PlyCount "84"]
[EventType "team-tourn"]
[EventCountry "TUR"]
[SourceTitle "playchess.com"]
[Source "ChessBase"]
[SourceQuality "1"]

{[%evp 14,84,-1,-9,-3,-4,2,9,13,18,19,3,25,26,34,39,40,37,37,37,44,21,16,24,24,21,20,18,18,14,18,18,39,26,60,27,66,18,43,24,29,14,14,0,0,0,0,0,0,0,0,0,0,0,0,-32,-32,-32,-32,-32,-32,-32,-32,-32,-13,-13,-8,-13,-8,-8,-8,-8,-8]} 1. Nf3 d5 2. g3 Nf6 3. Bg2 Nbd7 4. O-O e5 5. d3 Bd6 6. Nc3 {A07: Réti Opening: New York and Capablanca Systems} O-O 7. e4 dxe4 8. dxe4 {LiveBook: 3 Games} Nc5 9. Nh4 $146 ({Find the theoretical novelty and annotate with similar games:} 9. Qe2 Bg4 10. h3 Bh5 11. Rd1 Qc8 12. Bg5 Qe6 13. b4 Ncd7 14. g4 {0-1 (48) Natri,A (2219)-Gustafsson,J (2622) Eilat 2012}) 9... Re8 10. Nf5 Bxf5 11. exf5 e4 12. Be3 Qe7 13. Qe2 Be5 14. Qc4 b6 15. Bxc5 Qxc5 16. Qxc5 bxc5 17. Nxe4 Nxe4 18. Bxe4 Rab8 19. Bc6 Red8 20. Rad1 {next Rxd8+ is good for White.} Bxb2 21. Rxd8+ Rxd8 $11 {[%mdl 4096] Endgame KRB-KRB} 22. Rb1 Be5 23. Rb7 g6 24. fxg6 (24. f4 $5 {[%cal Rf4e5]} Bd4+ 25. Kf1 $16) 24... hxg6 25. Rxa7 {Threatening f4.} (25. f4 $5 {[%cal Rf4e5]} Bd4+ 26. Kf1 $16) 25... Rd1+ 26. Kg2 Rd2 27. c4 Bd4 28. a4 Rxf2+ 29. Kh3 Be5 {White must now prevent ...f5.} 30. a5 f5 {[#] aiming for ...Kf7.} 31. a6 {Strongly threatening Ra8+.} Ra2 32. Ra8+ Kg7 33. a7 {Threatens to win with Re8.} g5 {( -> ...g4+)} 34. Rg8+ (34. Bf3 {looks sharper.} Bd4 35. Be2 Kf7 36. Bh5+ Kg7 37. Be2) 34... Kxg8 35. a8=Q+ Rxa8 36. Bxa8 $15 {KB-KB} Kg7 37. Kg2 g4 38. h3 gxh3+ 39. Kxh3 {The position is equal.} Kf6 40. Kg2 f4 41. gxf4 Bxf4 42. Kf3 Ke5 {Precision: White = 65%, Black = 60%.} 1/2-1/2